Football Teams Grant Holt Played For - Statistics

General Stats
  • This quiz has been taken 4 times
  • The average score is 12 of 18
Answer Stats
Team % Correct
Aston Villa
100%
Hibernian
100%
Norwich City
100%
Barrow
67%
Blackpool
67%
King's Lynn Town
67%
Nottingham Forest
67%
Rochdale
67%
Sengkang Marine
67%
Sheffield Wednesday
67%
Shrewsbury Town
67%
Sorrento
67%
Wigan Athletic
67%
Wolverhampton Wanderers
67%
Wroxham
67%
Halifax Town
33%
Huddersfield Town
33%
Workington
33%
No matching quizzes found
Score Distribution
Percent of People with Each Score
Percentile by Number Answered
Your Score History
You have not taken this quiz